00458nam a2200181Ia 4500003000400000005001700004008004100021020002100062040000700083041000800090082002100098100004000119245003600159260003200195300001600227365001400243650001900257OSt20230411153828.0210423s2003 xx 000 0 und d a978-085991-778-0 cAL aeng a821.1 223bBENN aBENSON (Robert G);RIDYARD (Susan J) aNew readings of Chaucers poetry aCambridgebD.S Brewerc2003 avii,200bHB b9499cINR aEnglish Poetry